Thermal Food Processing. New Technologies and Quality Issues
Salvato in:
| Altri autori: | |
|---|---|
| Natura: | Sconosciuto |
| Lingua: | inglese |
| Pubblicazione: |
Boca Ratón, USA:
CRC Press Taylor & Francis Group,
2012
|
| Edizione: | Second Edition. |
| Serie: | Contemporary Food Engineering Series.
|
| Soggetti: | |
| Tags: |
Aggiungi Tag
Nessun Tag, puoi essere il primo ad aggiungerne!!
|
MARC
| LEADER | 00000 a2200000 4500 | ||
|---|---|---|---|
| 003 | CL-VaPUC | ||
| 005 | 20230816111620.0 | ||
| 008 | 220506b ||||| |||| 00| 0 eng d | ||
| 999 | |c 434131 |d 434129 | ||
| 020 | |a 9781138199637 | ||
| 040 | |c Pontificia Universidad Católica de Valparaíso | ||
| 082 | 7 | |a 664.028 SUN 2016 |2 22 | |
| 100 | |a Sun, Da-Wen |e editor |9 864587 | ||
| 245 | |a Thermal Food Processing. |b New Technologies and Quality Issues | ||
| 250 | |a Second Edition. | ||
| 260 | |a Boca Ratón, USA: |b CRC Press Taylor & Francis Group, |c 2012 | ||
| 300 | |a 666 páginas | ||
| 490 | |a Contemporary Food Engineering Series. | ||
| 583 | |k Cristina María Rojas Aguilar |c 20220506 | ||
| 650 | 0 | |a Conservación de los alimentos |9 259337 | |
| 650 | 0 | |a Alimentos |x Procesamiento térmico |9 256203 | |
| 942 | |2 ddc |c BK | ||
| 952 | |0 0 |1 0 |2 ddc |4 0 |6 664_028000000000000_SUN_2016 |7 0 |8 A |9 582970 |a BIBAGR |b BIBAGR |c GEN |d 2022-05-06 |e 74 |g 97358.00 |i 5651127 |o 664.028 SUN 2016 |p 5651127 |r 2025-01-20 |t 1 |v 97358.00 |w 2022-05-06 |y BK |k DCA | ||